| 000 | 00520nam a2200181Ia 4500 | ||
|---|---|---|---|
| 003 | OSt | ||
| 005 | 20200908124447.0 | ||
| 008 | 190216s9999||||xx |||||||||||||| ||und|| | ||
| 020 | _a8122401252 | ||
| 040 | _coclc | ||
| 082 |
_a539.7 _bPAT/N |
||
| 100 |
_aPatel, S B _94493 |
||
| 245 | 0 |
_aNuclear Physics : _bAn Introduction / _cS B Patel |
|
| 260 |
_bNew Age International Publishers, _c1991. _aNew Delhi: |
||
| 300 | _a346p | ||
| 650 | _aPhysics | ||
| 942 |
_cBK _2ddc _h539.7 _iPAT/N _k539.7 _mPAT/N |
||
| 999 |
_c33498 _d33498 |
||